Küresel çağda siyasal sosyoloji devlet ve topluma giriş (Record no. 1591)

MARC details
000 -BAŞLIK
Sabit Uzunlukta Kontrol Alanı 00859na a2200277 4500
001 - KONTROL NUMARASI
Denetim Alanı 12625
003 - KONTROL NUMARASI IDENTIFIER
Denetim Alanı MIRAKIL
005 - SON İŞLEM TARİHİ VE ZAMANI
Denetim Alanı 20181213154828.0
008 - SABİT-BOY VERİ ELEMANLARI - GENEL BİLGİLER
Sabit Uzunlukta Kontrol Alanı 160817b tu 000 0 d
020 ## - ULUSLARARASI STANDART KİTAP NUMARASI
Uluslararası Standart Kitap Numarası 9786053993353
035 ## - SİSTEM KONTROL NUMARASI
Sistem Kontrol Numarası 12625
040 ## - KATALOGLAMA KAYNAK
Orijinal Kataloglama Ajansı Milas
Kataloglama Dili tur
Metne Dönüştürmek Ajansı TR-AnCHP
082 ## - DEWEY ONLU SINIFLANDIRMA NUMARASI
Sınıflandırma Numarası 320.01
Ürün Numarası B36k 2014
090 ## - SINIFLAMA NUMARASI
Sınıflama Numarası 320.01 B36k 2014
100 ## - ANA GİRİŞ - KİŞİSEL İSİM
Kişisel Ad Berberoğlu, Berch
245 ## - BAŞLIK TABLOSU
Başlık Küresel çağda siyasal sosyoloji devlet ve topluma giriş
Sorumluluk Tablosu, Vb Berch Berberoğlu ; çeviren Edip Sönmez
260 ## - YAYIN, DAĞITIM, VB
Yayın, Dağıtım, Vb Yeri İstanbul
Yayıncı, Dağıtıcı, Vs Adı İstanbul Üniversitesi Yayınları
Yayın, Dağıtım, Vb Tarihi 2014
300 ## - FİZİKSEL TANIM
Kapsam xvi, 239 s.
Boyutlar 20 sm.
490 ## - SERİSİ TABLOSU
Seri Beyanı Sosyoloji
Hacim / Ardışık Tanımı 17
490 ## - SERİSİ TABLOSU
Seri Beyanı İstanbul Bilgi Üniversitesi yayınları
Hacim / Ardışık Tanımı 468
504 ## - KAYNAKÇA VB NOT
Kaynakça Vb Notu Kaynakça (s. 209-229) ve dizin var.
650 ## - KONU KATMA GİRİŞ - TOPİKAL DÖNEM
Topikal Süreli Veya Coğrafi Ad Giriş Elemanı Sosyal sınıflar
650 ## - KONU KATMA GİRİŞ - TOPİKAL DÖNEM
Topikal Süreli Veya Coğrafi Ad Giriş Elemanı Siyasal sosyoloji
700 ## - KATMA GİRİŞ - KİŞİSEL İSİM
Kişisel Ad Sönmez, Edip.
942 ## - EKLENDİ GİRİŞ ELEMANLARI (KOHA)
Sınıflandırma Veya Raf Düzeni Kaynak Dewey Decimal Classification
Koha Öğesi Türü Books
999 ## - SİSTEM KONTROL NUMARALARI (KOHA)
Koha Biblionumber 1591
Koha Biblioitemnumber 1591
Holdings
Kalıcı Konum Mevcut Konum Edinme Tarihi Edinim Kaynak Toplam Check-Out'Lar Tam Çağrı Numarası Barkod Tarih Son Görülme İtibaren Geçerli Fiyatlar Koha Öğesi Türü
CHP Kütüphanesi CHP Kütüphanesi 07/29/2016 Bağış   320.01 B36k 2014 000300 07/29/2016 07/29/2016 Books